Catálogo

CPM scheduling for construction : (Registro nro. 64273)

Detalles MARC
000 -LEADER
fixed length control field 00927nam a2200265 u 4500
001 - CONTROL NUMBER
control field 64273
005 - DATE AND TIME OF LATEST TRANSACTION
control field 20180714071051.0
008 - FIXED-LENGTH DATA ELEMENTS--GENERAL INFORMATION
fixed length control field 160602s2014 xxu r 000 0 eng d
020 ## - INTERNATIONAL STANDARD BOOK NUMBER
International Standard Book Number 9781628250374
041 ## - LANGUAGE CODE
Language code of text/sound track or separate title eng
082 0# - DEWEY DECIMAL CLASSIFICATION NUMBER
Classification number 624.0684
Item number CAR
100 1# - MAIN ENTRY--PERSONAL NAME
Personal name Carson, Christopher,
Relator term editor
245 10 - TITLE STATEMENT
Title CPM scheduling for construction :
Remainder of title best practices and guidelines /
Statement of responsibility, etc. Christopher Carson, Peter Oakander, Craig Relyea (editores).
250 ## - EDITION STATEMENT
Edition statement [First edition]
264 #1 - PRODUCTION, PUBLICATION, DISTRIBUTION, MANUFACTURE, AND COPYRIGHT NOTICE
Place of production, publication, distribution, manufacture United States of America :
Name of producer, publisher, distributor, manufacturer Project Management Institute,
Date of production, publication, distribution, manufacture, or copyright notice 2014
300 ## - PHYSICAL DESCRIPTION
Extent ix, 304 páginas ;
Dimensions 28 cm.
336 ## - CONTENT TYPE
Content type term texto
Source rdacontent
337 ## - MEDIA TYPE
Media type term sin mediación
Source rdamedia
338 ## - CARRIER TYPE
Carrier type term volumen
Source rdacarrier
650 #4 - SUBJECT ADDED ENTRY--TOPICAL TERM
Topical term or geographic name entry element Planificación
General subdivision Edificios
650 #4 - SUBJECT ADDED ENTRY--TOPICAL TERM
Topical term or geographic name entry element Programación de la producción
General subdivision Construcción
650 #4 - SUBJECT ADDED ENTRY--TOPICAL TERM
Topical term or geographic name entry element Ingeniería
700 1# - ADDED ENTRY--PERSONAL NAME
Personal name Oakander, Peter,
Relator term editor
700 1# - ADDED ENTRY--PERSONAL NAME
Personal name Relyea, Craig,
Relator term editor
Existencias
Withdrawn status Lost status Source of classification or shelving scheme Damaged status Not for loan Collection code Home library Current library Shelving location Date acquired Source of acquisition Total Checkouts Full call number Barcode Checked out Date last seen Date last checked out Price effective from Koha item type
    Dewey Decimal Classification     General Biblioteca Karol Wojtyla Biblioteca Karol Wojtyla Sala general 02/06/2016 Compra 1 624.0684 CAR 2014 95562 15/06/2016 15/06/2016 15/06/2016 07/06/2016 Libro